[Event "Managua Arellano Memorial"]
[Site "Managua"]
[Date "2023.07.30"]
[Round "6"]
[White "Baltodano Cabrera, Joel Isaac"]
[Black "Diaz Castillo, Diana"]
[Result "1-0"]
[WhiteElo "1374"]
[BlackElo "1150"]
[PlyCount "83"]
[EventDate "2023.07.22"]
[EventType "swiss"]
[EventRounds "9"]
[EventCountry "NCA"]
[SourceTitle "EXT 2024"]
[Source "ChessBase"]
[SourceDate "2023.10.10"]
[SourceVersion "1"]
[SourceVersionDate "2023.10.10"]
[SourceQuality "1"]

1. d4 c6 2. c3 d5 3. Bf4 Nf6 4. e3 h6 5. Nd2 e6 6. Be2 Be7 7. h3 0-0 8. Ngf3 Bd7 9. Ne5 c5 10. Ndf3 cxd4 11. exd4 Nh7 12. 0-0 Nc6 13. Bd3 Nxe5 14. Nxe5 Nf6 15. Qf3 Kh8 16. Bc2 Be8 17. Qd3 g6 18. Bxh6 Rg8 19. Bg5 Nh7 20. Bxe7 Qxe7 21. Rfe1 f6 22. Nf3 Bf7 23. Re2 f5 24. Qe3 Qf6 25. Nh2 Qg7 26. Qg3 g5 27. Bb3 Rae8 28. Rae1 Qh6 29. Qc7 Ref8 30. Nf3 g4 31. hxg4 fxg4 32. Ne5 Bh5 33. Re3 Qf4 34. Ng6+ Bxg6 35. Qxf4 Rxf4 36. Rxe6 Ng5 37. Rd6 Rg7 38. Bxd5 Ne4 39. Rd8+ Kh7 40. g3 Nd2 41. gxf4 Bf5 42. Kg2 1-0

[Event "Managua Arellano Memorial"]
[Site "Managua"]
[Date "2023.07.30"]
[Round "5"]
[White "Baltodano Cabrera, Joel Isaac"]
[Black "Silva Mayorga, Layno Layonel"]
[Result "0-1"]
[WhiteElo "1374"]
[BlackElo "1079"]
[PlyCount "26"]
[EventDate "2023.07.22"]
[EventType "swiss"]
[EventRounds "9"]
[EventCountry "NCA"]
[SourceTitle "EXT 2024"]
[Source "ChessBase"]
[SourceDate "2023.10.10"]
[SourceVersion "1"]
[SourceVersionDate "2023.10.10"]
[SourceQuality "1"]

1. d4 c5 2. Bf4 cxd4 3. Qxd4 Nc6 4. Qd1 e5 5. Bg3 Nf6 6. e3 Qb6 7. b3 Ne4 8. a3 Qa5+ 9. Nd2 Nxd2 10. Qxd2 Bb4 11. axb4 Qxa1+ 12. Ke2 Qa6+ 13. Kd1 Qxf1+ 0-1

[Event "Managua Arellano Memorial"]
[Site "Managua"]
[Date "2023.07.29"]
[Round "4"]
[White "Cortez Ruiz, Luis Miguel"]
[Black "Baltodano Cabrera, Joel Isaac"]
[Result "1-0"]
[WhiteElo "1561"]
[BlackElo "1374"]
[PlyCount "79"]
[EventDate "2023.07.22"]
[EventType "swiss"]
[EventRounds "9"]
[EventCountry "NCA"]
[SourceTitle "EXT 2024"]
[Source "ChessBase"]
[SourceDate "2023.10.10"]
[SourceVersion "1"]
[SourceVersionDate "2023.10.10"]
[SourceQuality "1"]

1. e4 e6 2. d4 d5 3. e5 c5 4. c3 Nc6 5. Nf3 Qb6 6. a3 cxd4 7. cxd4 Nge7 8. Bd3 Bd7 9. Bc2 Rc8 10. 0-0 Ng6 11. Nc3 Be7 12. g3 a6 13. h4 h5 14. Re1 Na5 15. Rb1 Nc4 16. Bd3 Na5 17. Qc2 Nf8 18. b4 Nc6 19. Be3 Qc7 20. Rec1 Na7 21. Qb3 Qb8 22. a4 g6 23. b5 a5 24. b6 Nc6 25. Nb5 Nh7 26. Bh6 Nf8 27. Bg7 Rg8 28. Bf6 Bb4 29. Nc7+ Rxc7 30. bxc7 Qxc7 31. Bg5 Qb6 32. Be3 Nh7 33. Kg2 Ke7 34. Bd2 Rc8 35. Bxb4+ axb4 36. Bb5 Nf8 37. Bxc6 Rxc6 38. Rxc6 Qxc6 39. Qxb4+ Kd8 40. Qxf8+ 1-0

[Event "Managua Ramirez de Arellano Memorial"]
[Site "Managua"]
[Date "2022.07.31"]
[Round "6"]
[White "Baltodano Cabrera, Joel Isaac"]
[Black "Allen Montes, Charles Mijail"]
[Result "0-1"]
[WhiteElo "1348"]
[BlackElo "1429"]
[PlyCount "66"]
[EventDate "2022.07.23"]
[EventType "swiss"]
[EventRounds "9"]
[EventCountry "NCA"]
[SourceTitle "EXT 2024"]
[Source "ChessBase"]
[SourceDate "2023.10.10"]
[SourceVersion "1"]
[SourceVersionDate "2023.10.10"]
[SourceQuality "1"]

1. d4 Nf6 2. Bf4 d5 3. e3 b6 4. Nd2 Bb7 5. c3 e6 6. Ngf3 Be7 7. Bg5 Nbd7 8. Be2 0-0 9. 0-0 Rc8 10. Qa4 a5 11. a3 c5 12. Bb5 Qc7 13. Bf4 Bd6 14. Ne5 Nxe5 15. dxe5 Bxe5 16. Bxe5 Qxe5 17. Be2 Rfd8 18. Nf3 Qc7 19. Qh4 e5 20. Rfd1 e4 21. Ng5 h6 22. Nh3 Qe5 23. g4 Nh7 24. Rac1 Rd6 25. Nf4 Rcd8 26. Nh5 Ng5 27. Ng3 Ba6 28. Kf1 Bxe2+ 29. Kxe2 Nf3 30. Qh3 d4 31. Nf5 d3+ 32. Kf1 Rg6 33. Kg2 Qxf5 0-1

[Event "NCA-chT 1st Stage"]
[Site "Managua"]
[Date "2021.09.26"]
[Round "2.3"]
[White "Baltodano Cabrera, Joel Isaac"]
[Black "Allen Montes, Charles Mijail"]
[Result "0-1"]
[WhiteElo "1346"]
[BlackElo "1449"]
[PlyCount "84"]
[EventDate "2021.09.25"]
[EventType "team-swiss"]
[EventRounds "9"]
[EventCountry "NCA"]
[SourceTitle "EXT 2023"]
[Source "ChessBase"]
[SourceDate "2022.10.05"]
[SourceVersion "1"]
[SourceVersionDate "2022.10.05"]
[SourceQuality "1"]
[WhiteTeam "Torre Fuerte"]
[BlackTeam "Sunrise CC"]
[WhiteTeamCountry "NCA"]
[BlackTeamCountry "NCA"]

1. d4 d5 2. Bf4 f5 3. e3 Nf6 4. Nd2 e6 5. Be2 Bd6 6. Bg3 0-0 7. c3 c6 8. Ngf3 Bc7 9. Qb3 Nbd7 10. Rc1 Ne4 11. Bxc7 Qxc7 12. c4 Qa5 13. a3 Ndf6 14. Qc2 Bd7 15. 0-0 Rac8 16. h3 a6 17. Rfd1 b5 18. c5 Qd8 19. Ne5 Be8 20. Ra1 Nd7 21. Ndf3 Nxe5 22. Nxe5 Qh4 23. Rf1 f4 24. Qd3 Rf6 25. a4 Bg6 26. Qd1 fxe3 27. fxe3 Rxf1+ 28. Qxf1 Rf8 29. Qe1 Qg5 30. Bg4 Bf5 31. Ra3 Bxg4 32. Nxg4 h5 33. Ne5 Rf2 34. Qxf2 Nxf2 35. Kxf2 Qf5+ 36. Kg1 Qb1+ 37. Kh2 Qxb2 38. Rd3 bxa4 39. Nxc6 a3 40. Ne5 a2 41. Rd1 a1Q 42. Rxa1 Qxa1 0-1

[Event "Managua Gomez Argenal Memorial"]
[Site "Managua"]
[Date "2021.06.06"]
[Round "4"]
[White "Godoy Barbosa, Jaime"]
[Black "Baltodano Cabrera, Joel Isaac"]
[Result "1/2-1/2"]
[WhiteElo "1513"]
[BlackElo "1338"]
[PlyCount "94"]
[EventDate "2021.05.29"]
[EventType "swiss"]
[EventRounds "9"]
[EventCountry "NCA"]
[SourceTitle "EXT 2022"]
[Source "ChessBase"]
[SourceDate "2021.10.06"]
[SourceVersion "1"]
[SourceVersionDate "2021.10.06"]
[SourceQuality "1"]

1. Nf3 d5 2. c4 Bf5 3. cxd5 Qxd5 4. Nc3 Qd8 5. d4 e6 6. e4 Bg4 7. Qa4+ c6 8. d5 Bxf3 9. gxf3 exd5 10. exd5 Nf6 11. dxc6 Nxc6 12. Be3 Be7 13. Qb5 Qc7 14. Qg5 g6 15. Qf4 Qxf4 16. Bxf4 Rd8 17. Bb5 0-0 18. 0-0 Nd4 19. Be2 Nxe2+ 20. Nxe2 Rfe8 21. Nc3 Bf8 22. Rad1 Rxd1 23. Rxd1 Bb4 24. Nd5 Nxd5 25. Rxd5 Bf8 26. Rd7 Re7 27. Rd8 f6 28. Kf1 g5 29. Be3 b6 30. Bd4 Kf7 31. Bxf6 Kxf6 32. Rxf8+ Rf7 33. Rc8 Kg6 34. Kg2 Rd7 35. Rc2 b5 36. b3 Rd5 37. Kg3 Kf5 38. Rc7 a5 39. a3 h5 40. h3 h4+ 41. Kg2 Ke5 42. Ra7 b4 43. axb4 axb4 44. Rb7 Rd4 45. Rb5+ Kf4 46. Rb8 Ke5 47. Rb5+ Kf4 1/2-1/2

[Event "Managua Gomez Argenal Memorial"]
[Site "Managua"]
[Date "2021.06.05"]
[Round "2"]
[White "Perez Salazar, Jimmy Alberto"]
[Black "Baltodano Cabrera, Joel Isaac"]
[Result "1-0"]
[WhiteElo "1515"]
[BlackElo "1338"]
[PlyCount "101"]
[EventDate "2021.05.29"]
[EventType "swiss"]
[EventRounds "9"]
[EventCountry "NCA"]
[SourceTitle "EXT 2022"]
[Source "ChessBase"]
[SourceDate "2021.10.06"]
[SourceVersion "1"]
[SourceVersionDate "2021.10.06"]
[SourceQuality "1"]

1. b3 d5 2. Bb2 Bf5 3. e3 e6 4. Nf3 Nd7 5. c4 c6 6. Nc3 Ngf6 7. Be2 Bg4 8. d4 Bd6 9. h3 Bh5 10. 0-0 Rc8 11. c5 Bb8 12. b4 Qc7 13. g3 0-0 14. Rc1 a6 15. a4 b5 16. cxb6 Qxb6 17. Ba3 Bd6 18. Rb1 Rb8 19. g4 Bg6 20. Bd3 a5 21. bxa5 Qc7 22. Bxd6 Qxd6 23. Bxg6 fxg6 24. Rxb8 Rxb8 25. Qd3 Ra8 26. g5 Ne8 27. Qd2 Qb4 28. Rb1 Qxa5 29. Rb7 Ra7 30. Qb2 Nd6 31. Rxa7 Qxa7 32. Qb4 Qb8 33. Qxb8+ Nxb8 34. Ne5 Kf8 35. Na2 Nf7 36. Nxf7 Kxf7 37. Nb4 Ke7 38. a5 Kd6 39. a6 Nd7 40. a7 Nb6 41. Na6 Kd7 42. Kg2 Kc8 43. Nc5 Na8 44. Kf3 Kc7 45. Nxe6+ Kb7 46. Kf4 Nb6 47. Nxg7 Nd7 48. Ne8 Kxa7 49. Nf6 Nf8 50. Ke5 Kb7 51. Kd6 1-0

[Event "Managua Ramirez de Arellano Memorial"]
[Site "Managua"]
[Date "2020.07.26"]
[Round "8"]
[White "Baltodano Cabrera, Joel Isaac"]
[Black "Gaitan Rivas, Norlan Miguel"]
[Result "0-1"]
[WhiteElo "1320"]
[BlackElo "1556"]
[PlyCount "66"]
[EventDate "2020.07.11"]
[EventType "swiss"]
[EventRounds "9"]
[EventCountry "NCA"]
[SourceTitle "EXT 2021"]
[Source "ChessBase"]
[SourceDate "2020.10.23"]
[SourceVersion "1"]
[SourceVersionDate "2020.10.23"]
[SourceQuality "1"]

1. d4 Nf6 2. Bf4 e6 3. e3 c5 4. c3 d5 5. Nf3 Bd6 6. Ne5 Nc6 7. Nd2 0-0 8. Bb5 Qc7 9. Ndf3 a6 10. Bd3 h6 11. h3 Nd7 12. Nxd7 Bxd7 13. Bxd6 Qxd6 14. Bb1 cxd4 15. Qc2 g6 16. exd4 e5 17. 0-0 e4 18. Nh2 Rac8 19. Qd2 Kg7 20. Bc2 Ne7 21. Rfe1 f5 22. f3 Rf6 23. fxe4 fxe4 24. Bd1 Bxh3 25. gxh3 Qg3+ 26. Kh1 Rf2 27. Qxf2 Qxf2 28. Bg4 Rf8 29. Rab1 Nf5 30. Rg1 Ng3+ 31. Rxg3 Qxg3 32. Be6 Rf2 33. Ng4 Qg2# 0-1

[Event "Managua Ramirez de Arellano Memorial"]
[Site "Managua"]
[Date "2020.07.25"]
[Round "7"]
[White "Baltodano Cabrera, Joel Isaac"]
[Black "Berrios Vanegas, Yanko Antonio"]
[Result "0-1"]
[WhiteElo "1320"]
[BlackElo "1466"]
[PlyCount "80"]
[EventDate "2020.07.11"]
[EventType "swiss"]
[EventRounds "9"]
[EventCountry "NCA"]
[SourceTitle "EXT 2021"]
[Source "ChessBase"]
[SourceDate "2020.10.23"]
[SourceVersion "1"]
[SourceVersionDate "2020.10.23"]
[SourceQuality "1"]

1. d4 Nf6 2. Bf4 d5 3. e3 Nc6 4. Nf3 h6 5. h3 a6 6. c4 e6 7. Be2 Bb4+ 8. Nc3 Ne4 9. Qb3 0-0 10. a3 Nxc3 11. bxc3 Be7 12. cxd5 exd5 13. c4 dxc4 14. Bxc4 Na5 15. Qc3 Nxc4 16. Qxc4 c6 17. Qc2 Qa5+ 18. Qd2 Qb5 19. Qe2 Re8 20. Ne5 Qd5 21. Qc4 Be6 22. Qxd5 cxd5 23. Nf3 Rac8 24. 0-0 Rc2 25. a4 Bf5 26. Rfb1 Bc8 27. Rb6 f6 28. Bd6 Bd8 29. Rb3 Ba5 30. Bb4 Bc7 31. Bc5 Re6 32. Nh4 Rc6 33. Ng6 Kf7 34. Ne7 R6xc5 35. dxc5 Kxe7 36. g4 Rxc5 37. Rd3 g5 38. Kg2 b6 39. Re1 Kf7 40. e4 dxe4 0-1

[Event "Managua Ramirez de Arellano Memorial"]
[Site "Managua"]
[Date "2020.07.19"]
[Round "5"]
[White "Ortiz, Heriberto"]
[Black "Baltodano Cabrera, Joel Isaac"]
[Result "1/2-1/2"]
[WhiteElo "1883"]
[BlackElo "1320"]
[PlyCount "102"]
[EventDate "2020.07.11"]
[EventType "swiss"]
[EventRounds "9"]
[EventCountry "NCA"]
[SourceTitle "EXT 2021"]
[Source "ChessBase"]
[SourceDate "2020.10.23"]
[SourceVersion "1"]
[SourceVersionDate "2020.10.23"]
[SourceQuality "1"]

1. d4 e6 2. c4 d5 3. Nc3 Nf6 4. Nf3 b6 5. Bf4 a6 6. e3 Be7 7. Bd3 Bb7 8. Rc1 Nbd7 9. cxd5 Bxd5 10. Bxc7 Bxf3 11. Qxf3 Qc8 12. 0-0 Ra7 13. Bg3 Qd8 14. Rc2 b5 15. Rfc1 0-0 16. Ne4 Nxe4 17. Qxe4 Nf6 18. Qh4 Qd5 19. Be5 h6 20. Rc7 Rxc7 21. Rxc7 Re8 22. b3 Qd8 23. Qg3 Kh8 24. h3 Rf8 25. Rc6 Qa5 26. Rc7 Re8 27. Qf4 Kg8 28. Qh4 Qxa2 29. Bxf6 Bxf6 30. Qe4 g6 31. Qf4 Kg7 32. e4 Qa1+ 33. Rc1 Qxd4 34. Qf3 Qb2 35. Rd1 Qxb3 36. g4 Be7 37. e5 Rd8 38. Kg2 Qd5 39. Be2 Qxf3+ 40. Bxf3 Rxd1 41. Bxd1 a5 42. Kf3 Bc5 43. Ke2 a4 44. f4 a3 45. Bb3 b4 46. Kd3 Be7 47. Ke4 g5 48. f5 exf5+ 49. Kxf5 Bc5 50. Bc4 Bd4 51. Bb3 Bc5 1/2-1/2

[Event "Managua Gomez Argenal Memorial"]
[Site "Managua"]
[Date "2020.06.06"]
[Round "1"]
[White "Quintero, Armando"]
[Black "Baltodano Cabrera, Joel Isaac"]
[Result "1-0"]
[WhiteElo "1844"]
[BlackElo "1327"]
[PlyCount "61"]
[EventDate "2020.06.06"]
[EventType "swiss"]
[EventRounds "9"]
[EventCountry "NCA"]
[SourceTitle "CBM 197 Extra"]
[Source "ChessBase"]
[SourceDate "2020.09.30"]
[SourceVersion "1"]
[SourceVersionDate "2020.09.30"]
[SourceQuality "1"]

1. d4 e6 2. c4 d5 3. Nf3 Nf6 4. Nc3 c5 5. cxd5 Nxd5 6. e4 Nxc3 7. bxc3 cxd4 8. Nxd4 e5 9. Qa4+ Bd7 10. Nb5 a6 11. Ba3 Bc6 12. Bxf8 Kxf8 13. Qb4+ Qe7 14. Nd6 g6 15. Rd1 b5 16. Qc5 Ra7 17. Qb6 Qc7 18. Qe3 Kg7 19. Qg5 f6 20. Qe3 Nd7 21. h4 Qb6 22. Qh3 Nc5 23. h5 Raa8 24. h6+ Kf8 25. Qf3 Ke7 26. Rh5 gxh5 27. Qxh5 Be8 28. Nf5+ Kf8 29. Qh4 Bg6 30. Rd6 Qa5 31. Qxf6+ 1-0

[Event "Managua Linicad rap op 2nd"]
[Site "Managua"]
[Date "2019.07.07"]
[Round "6"]
[White "Baltodano Cabrera, Joel Isaac"]
[Black "Granados Lopez, Fidel"]
[Result "0-1"]
[WhiteElo "1300"]
[BlackElo "1762"]
[PlyCount "48"]
[EventDate "2019.07.06"]
[EventType "swiss (rapid)"]
[EventRounds "7"]
[EventCountry "NCA"]
[SourceTitle "EXT 2020"]
[Source "ChessBase"]
[SourceDate "2019.10.17"]
[SourceVersion "1"]
[SourceVersionDate "2019.10.17"]
[SourceQuality "1"]

1. Nf3 g6 2. Nc3 Bg7 3. e4 c5 4. Bc4 Nc6 5. a3 Nf6 6. d3 d6 7. h3 0-0 8. Ne2 d5 9. exd5 Nxd5 10. 0-0 e5 11. Ng3 Nd4 12. Re1 Nxf3+ 13. Qxf3 Be6 14. c3 Qd7 15. Ne4 Qe7 16. Bg5 f6 17. Bd2 Nc7 18. Bxe6+ Nxe6 19. Be3 b6 20. Bd2 f5 21. Ng3 f4 22. Ne4 Rad8 23. Rad1 Ng5 24. Bc1 Nxf3+ 0-1

[Event "Managua Linicad rap op 2nd"]
[Site "Managua"]
[Date "2019.07.06"]
[Round "1"]
[White "Baltodano Cabrera, Joel Isaac"]
[Black "Granados Ortiz, Fidel"]
[Result "0-1"]
[WhiteElo "1300"]
[BlackElo "1979"]
[PlyCount "20"]
[EventDate "2019.07.06"]
[EventType "swiss (rapid)"]
[EventRounds "7"]
[EventCountry "NCA"]
[SourceTitle "EXT 2020"]
[Source "ChessBase"]
[SourceDate "2019.10.17"]
[SourceVersion "1"]
[SourceVersionDate "2019.10.17"]
[SourceQuality "1"]

1. e4 Nf6 2. Nc3 d5 3. e5 Ne4 4. Nxe4 dxe4 5. Bc4 Qd4 6. Qe2 Qxe5 7. f3 Bf5 8. Qe3 Nc6 9. Ne2 exf3 10. Qxf3 e6 0-1

[Event "Managua Linicad rap op 2nd"]
[Site "Managua"]
[Date "2019.07.06"]
[Round "3"]
[White "Baltodano Cabrera, Joel Isaac"]
[Black "Salinas Barrera, Jovani Enrique"]
[Result "0-1"]
[WhiteElo "1300"]
[BlackElo "1571"]
[PlyCount "72"]
[EventDate "2019.07.06"]
[EventType "swiss (rapid)"]
[EventRounds "7"]
[EventCountry "NCA"]
[SourceTitle "EXT 2020"]
[Source "ChessBase"]
[SourceDate "2019.10.17"]
[SourceVersion "1"]
[SourceVersionDate "2019.10.17"]
[SourceQuality "1"]

1. e4 e5 2. Nf3 Nc6 3. Bc4 h6 4. c3 Bc5 5. 0-0 Nge7 6. d4 exd4 7. cxd4 Bb6 8. Nc3 a6 9. Qb3 0-0 10. Qd1 d6 11. h3 Kh8 12. Re1 f5 13. Be3 fxe4 14. Nxe4 d5 15. Bb3 dxe4 16. Nh2 Nd5 17. Qd2 Kh7 18. Qe2 Bf5 19. g4 Bg6 20. Qc4 Nxe3 21. fxe3 Ba7 22. Nf1 Na5 23. Qc3 Nxb3 24. axb3 Qg5 25. Ng3 Kh8 26. Nf1 Rf3 27. Kg2 Raf8 28. Re2 h5 29. Nd2 Rxe3 30. Qxe3 Qxe3 31. Rxe3 Bxd4 32. Rxe4 Bxe4+ 33. Nxe4 hxg4 34. hxg4 Rf4 35. Nc3 Rxg4+ 36. Kf1 Rg1+ 0-1

[Event "Managua Linicad rap op 2nd"]
[Site "Managua"]
[Date "2019.07.06"]
[Round "4"]
[White "Rocha Garcia, Luis Alberto"]
[Black "Baltodano Cabrera, Joel Isaac"]
[Result "0-1"]
[WhiteElo "1256"]
[BlackElo "1300"]
[PlyCount "72"]
[EventDate "2019.07.06"]
[EventType "swiss (rapid)"]
[EventRounds "7"]
[EventCountry "NCA"]
[SourceTitle "EXT 2020"]
[Source "ChessBase"]
[SourceDate "2019.10.17"]
[SourceVersion "1"]
[SourceVersionDate "2019.10.17"]
[SourceQuality "1"]

1. d4 Nf6 2. Bf4 g6 3. e3 Bg7 4. Bd3 0-0 5. Nd2 d6 6. Ngf3 h6 7. c4 Re8 8. h4 h5 9. b4 Bg4 10. Qb3 Kh7 11. c5 e6 12. Ng5+ Kg8 13. f3 Bf5 14. e4 e5 15. Nxf7 Be6 16. Nxd6 Bxb3 17. axb3 cxd6 18. Be3 dxc5 19. bxc5 exd4 20. Bf2 Nc6 21. 0-0 Ne5 22. Bc4+ Nxc4 23. Nxc4 Nxe4 24. fxe4 d3 25. Rad1 Rxe4 26. Nd2 Re2 27. Rfe1 Qe7 28. Kf1 Re8 29. Nf3 Rxf2+ 30. Kxf2 Qxc5+ 31. Kf1 Rxe1+ 32. Nxe1 Qf5+ 33. Kg1 Bd4+ 34. Kh1 Qf1+ 35. Kh2 Qf4+ 36. Kh1 Qxh4# 0-1

[Event "Managua Gomez Argenal Memorial 19th"]
[Site "Managua"]
[Date "2019.06.15"]
[Round "7"]
[White "Mendoza Lainez, Ricardo Jose"]
[Black "Baltodano Cabrera, Joel Isaac"]
[Result "0-1"]
[WhiteElo "1206"]
[BlackElo "1272"]
[PlyCount "38"]
[EventDate "2019.06.16"]
[EventType "swiss"]
[EventRounds "9"]
[EventCountry "NCA"]
[SourceTitle "EXT 2020"]
[Source "ChessBase"]
[SourceDate "2019.10.17"]
[SourceVersion "1"]
[SourceVersionDate "2019.10.17"]
[SourceQuality "1"]

1. e4 e5 2. Nc3 Bc5 3. Bc4 Nf6 4. d3 h6 5. Nf3 Ng4 6. Be3 Nxe3 7. fxe3 Nc6 8. Nd5 d6 9. h3 Ne7 10. d4 Nxd5 11. Bxd5 exd4 12. exd4 Bb6 13. 0-0 0-0 14. c3 Qe7 15. e5 dxe5 16. Nxe5 Qxe5 17. Bxf7+ Rxf7 18. Qb3 Qe3+ 19. Kh2 Be6 0-1